00230nam a2200097Ia 4500008004100000100000900041245004900050260000900099942000700108999001700115190216s9999||||xx |||||||||||||| ||und|| aNull 0aHindi-Thro Ashabind Jevan Aur Dakshin Santhi bNull cBK c18460d18460